Datum a čas kvízu
25
Celkem bodů
Celkový počet nahraných bodů na tomto kvízu bez doplňovacích otázek.
5.
Pořadí na kvízu
Konečné umístění týmu na tomto kvízu.
Zaznamenané odpovědi
| # | Otázka | Odpověď | Body | Výsledky |
|---|---|---|---|---|
| 1. | Minulou středu byly uděleny ce... | 0 | ||
| 2. | Minulý týden bylo oznámeno zah... | 1 | ||
| 3. | Jak se jmenuje nové album skup... | 0 | ||
| 4. | Jaká značka vozu získala minul... | 0 | ||
| 5. | Argentinský útočník Carlos Tév... | 0 | ||
| 6. | Zaměříme se na nová slova v če... | 0 | ||
| 7. | Jak se jmenuje politik, který... | 0 | ||
| 8. | Mezi několik málo slov, která... | 0 | ||
| 9. | Jak se nazývá termín, který by... | 1 | ||
| 10. | Tvorba neologismů není jen zál... | 1 |